Fairy Tail - Membres des Spriggan Twelve - Statistiques

Statistiques générales
  • Ce quiz a été pris 41 fois
  • Le résultat moyen est 9 sur 12
Statistiques - réponses
Par images Réponse % Correct
August
94%
God Serena
94%
Brandish
91%
Dimaria
89%
Eileen
77%
Ajil
74%
Jacob
74%
Inbel
71%
Bloodman
60%
Ninehart
54%
Rahkeid
51%
Wahl
51%
Aucun quiz correspondant
Distribution des résultats
% des personnes avec chaque résultat
Percentile par nombre de réponses
Votre historique - résultats
Vous n’avez pas pris ce quiz